000 00566nam a22001937a 4500
003 OSt
005 20140310181752.0
008 130628t xxu||||| |||| 00| 0 eng d
020 _a9719208422
050 _aRC 537
_b.Se454 1998
082 _aFIL 616.852721
_b Se3 1998
100 _aSegovia, Emerita
245 _aWin over depression :
_bbounce back into positive action /
_cEmerita Segovia.
260 _aQuezon City, Philippines:
_bMushroom Publication
_c1998.
300 _a62 p. :
_bill. ;
_c22 cm.
650 _aDepression
942 _2lcc
_cBK
999 _c3295
_d3295